000 00436nam a2200181Ia 4500
008 220531s9999 xx 000 0 und d
041 _aeng
082 _bSWA
100 _aSwami Vivekanand
_971025
245 _aMy Idea Of Education
250 _a1ST
260 _aKolkata
_bSwami Bodhasarananda
_c2013
300 _a128
542 _d31-03-2015
650 _aEducation
_971026
906 _d2014-2015
_f6413
999 _c39744
_d39744